| 000 | 00538cam a2200205 4500 | ||
|---|---|---|---|
| 001 | D15763 | ||
| 008 | 090401t xxu||||| |||| 00| 0 eng d | ||
| 035 | _a(Sirsi) u25014 | ||
| 041 | _aeng | ||
| 050 | _a658.042 | ||
| 110 |
_aRoyal Institution of Chartered Surveyors _94900 |
||
| 245 | _aPartnership and the Chartered Surveyor | ||
| 260 |
_bRICS _c1980 print |
||
| 300 | _aFolded leaflet. 21cm | ||
| 350 | _a0 | ||
| 520 | _aFiled in box RICS 1980/92 ABCD | ||
| 710 |
_aJunior Organisation _91081 |
||
| 942 | _n0 | ||
| 948 | _c04/03/1997 | ||
| 999 |
_c88656 _d88656 |
||